OCOTLAN : CIUDAD ANTIGUA, HOSPITALARIA Y CREYENTE /

Sábháilte in:
Sonraí bibleagrafaíochta
Príomhchruthaitheoir: Dávila Garibi, José Ignacio (autor)
Formáid: LEABHAR
Ábhair:
Clibeanna: Cuir clib leis
Níl clibeanna ann, Bí ar an gcéad duine le clib a chur leis an taifead seo!

MARC

LEADER 00000nam^a2200000^a^4500
001 000242858
005 20250521000000.0
009 20260310105312.955
035 |a 065600 
037 |a Acervo Xavier Clavigero 
082 |a 972. 35  |b DAV 
100 |a Dávila Garibi, José Ignacio  |e (autor) 
245 1 0 |a OCOTLAN :  |b CIUDAD ANTIGUA, HOSPITALARIA Y CREYENTE /  |c JOSE IGNACIO DAVILA GARIBI 
264 |a MEXICO :  |b CULTURA,  |c 1948 
300 |a 48 p. 
336 |a texto  |b txt  |2 rdacontenido 
337 |a sin mediación  |b n  |2 rdamedio 
338 |a volumen  |b nc  |2 rdasoporte 
649 |a XX 
650 |a Ocotlán, Jalisco -  |x Historia 
650 |a Ocotlán, Jalisco -  |x Descripción 
910 |a Fondo General 
920 |a Impresos - Libros 
930 |a Colección General 
905 |a 101 
901 |a 065600  |b IT1  |c ACC  |i 065600  |u 20250521 
902 |a https://opac.biblio.iteso.mx/vufind/Record/000242858